| 000 | 00875cam a22002535a 4500 | ||
|---|---|---|---|
| 001 | 16164214 | ||
| 005 | 20161123124624.0 | ||
| 008 | 100330t2010 orua frb 001 0 eng d | ||
| 020 | _a9781590282410 | ||
| 040 |
_aDLC _cDLC _dDLC _dEG-ScBUE _beng |
||
| 082 | 0 | 4 |
_a005.133 _222 _bZEL |
| 100 | 1 | _aZelle, John M. | |
| 245 | 1 | 0 |
_aPython programming : _ban introduction to computer science / _cJohn M. Zelle. |
| 250 | _a2nd ed. | ||
| 260 |
_aSherwood : _bFranklin, Beedle & Associates, _cc.2010. |
||
| 300 |
_axiv, 514 p. : _bill. ; _c24 cm. |
||
| 490 | 0 |
_aPython ; _v3. |
|
| 504 | _aIncludes bibliographical references and index. | ||
| 520 | _a"Introduces computer programming using the Python programming language"--Provided by publisher. | ||
| 650 | 7 |
_aPython (Computer program language) _2BUEsh _913168 |
|
| 651 | _2BUEsh | ||
| 653 |
_bCOMSCI _cNovember2016 |
||
| 942 | _2ddc | ||
| 999 |
_c23286 _d23258 |
||